| Tag |
First Indicator |
Second Indicator |
Subfields |
| LEADER |
00000cam a2200000Ia 4500 |
| 001 |
in00002575786 |
| 005 |
20210727090350.0 |
| 006 |
m d |
| 007 |
cr cn| |
| 008 |
100323s2008 ne a s 000 0 eng d |
| 020 |
|
|
|a 1402084447
|
| 020 |
|
|
|a 9781402084447
|
| 035 |
|
|
|a (OCoLC)567356207
|
| 035 |
|
|
|a (OCoLC)ocn567356207
|
| 035 |
|
|
|a 3706505
|
| 037 |
|
|
|a 978-1-4020-8443-0
|b Springer
|n http://www.springerlink.com
|
| 040 |
|
|
|a GW5XE
|b eng
|c GW5XE
|d UtOrBLW
|
| 049 |
|
|
|a TXAC
|
| 050 |
1 |
4 |
|a QE
|
| 082 |
0 |
4 |
|a 624.15132
|2 22
|
| 100 |
1 |
|
|a Zang, Arno.
|0 http://id.loc.gov/authorities/names/n2006054508
|
| 245 |
1 |
0 |
|a Stress field of the Earth's crust /
|c Arno Zang and Ove Stephansson.
|
| 264 |
|
1 |
|a Dordrecht ;
|a London :
|b Springer,
|c 2008.
|
| 300 |
|
|
|a pages ;
|c cm.
|
| 336 |
|
|
|a text
|b txt
|2 rdacontent
|
| 337 |
|
|
|a computer
|b c
|2 rdamedia
|
| 338 |
|
|
|a online resource
|b cr
|2 rdacarrier
|
| 500 |
|
|
|a Electronic resource.
|
| 500 |
|
|
|a Includes DVD.
|
| 533 |
|
|
|a Electronic reproduction.
|b New York :
|c Springer,
|d 2010.
|n Mode of access: World Wide Web.
|n System requirements: Web browser.
|n Title from title screen (viewed on Feb. 18, 2010).
|n Access may be restricted to users at subscribing institutions.
|
| 650 |
|
0 |
|a Rock mechanics
|x Mathematical models.
|0 http://id.loc.gov/authorities/subjects/sh2010111351
|
| 650 |
|
0 |
|a Rock mechanics.
|0 http://id.loc.gov/authorities/subjects/sh85114673
|
| 650 |
|
0 |
|a Strains and stresses.
|0 http://id.loc.gov/authorities/subjects/sh85128457
|
| 655 |
|
7 |
|a Electronic books.
|2 local
|
| 700 |
1 |
|
|a Stephansson, Ove,
|d 1938-
|0 http://id.loc.gov/authorities/names/n84223322
|
| 710 |
2 |
|
|a SpringerLink (Online service)
|0 http://id.loc.gov/authorities/names/no2005046756
|
| 776 |
1 |
|
|c Original
|z 9781402084430
|z 1402084439
|w (OCoLC)231895246
|
| 856 |
4 |
0 |
|u http://proxy.library.tamu.edu/login?url=https://dx.doi.org/10.1007/978-1-4020-8444-7
|z Connect to the full text of this electronic book
|t 0
|
| 994 |
|
|
|a 92
|b TXA
|
| 999 |
|
|
|a MARS
|
| 999 |
f |
f |
|s 0c6ec1fb-8106-3e5c-a3ae-c9777a36dec6
|i 8ca3ea30-36de-3dc5-8f9a-213ad762f114
|t 0
|
| 952 |
f |
f |
|a Texas A&M University
|b College Station
|c Electronic Resources
|d Available Online
|t 0
|e QE
|h Library of Congress classification
|
| 998 |
f |
f |
|a QE
|t 0
|l Available Online
|